000 00528nam a2200193Ia 4500
005 20250508165955.0
008 008 250505s9999 xx 000 0 hin d
037 _aTextual
040 _aFEDL
_beng
_cFEDL
041 _ahin
_2eng
084 _a891.433, JAI
_qFEDL
100 _aJaiswal Sanjeev
_9782572
245 0 _aDemocracy ka chautha khambha
260 _aNew Delhi, India
_bGranth Akademi
_c2012
300 _a168p.
365 _aINR
_b200
942 _cTEXL
_h891.433, JAI
999 _c1398476
_d1398476